000 00597nam a2200181Ia 4500
008 090124s9999 xx 000 0 und d
082 _b115719
100 _aआपटे हरि नारायण
245 _a केवळ स्वराज्यासाठी
250 _a1
260 _c1972
300 _a464
600 _aआपटे हरि नारायण
630 _a केवळ स्वराज्यासाठी
700 _aआपटे हरि नारायण
730 _a केवळ स्वराज्यासाठी
942 _cBOOK
999 _c161810
_d161810